Siddha-16: 1982 (Record no. 343231)
[ view plain ]
| 000 -LEADER | |
|---|---|
| fixed length control field | 004750000a22002050004500 |
| 005 - DATE AND TIME OF LATEST TRANSACTION | |
| control field | 20120302053554.0 |
| 040 ## - CATALOGING SOURCE | |
| Original cataloging agency | ENG |
| 245 ## - TITLE STATEMENT | |
| Title | Siddha-16: 1982 |
| 260 ## - PUBLICATION, DISTRIBUTION, ETC. (IMPRINT) | |
| Place of publication, distribution, etc | Mumbai:Siddharth College,1983 |
| 300 ## - PHYSICAL DESCRIPTION | |
| Extent | 92p |
| 365 ## - TRADE PRICE | |
| Price amount | Rs. |
| 650 ## - SUBJECT ADDED ENTRY--TOPICAL TERM | |
| Topical term or geographic name as entry element | Ambedkar's Independent Labour Party |
| 650 ## - SUBJECT ADDED ENTRY--TOPICAL TERM | |
| Topical term or geographic name as entry element | Sadanand Rege |
| 650 ## - SUBJECT ADDED ENTRY--TOPICAL TERM | |
| Topical term or geographic name as entry element | Siddha-17 |
| 650 ## - SUBJECT ADDED ENTRY--TOPICAL TERM | |
| Topical term or geographic name as entry element | Geoffrey Hill |
| 650 ## - SUBJECT ADDED ENTRY--TOPICAL TERM | |
| Topical term or geographic name as entry element | Militant Mahars |
| 650 ## - SUBJECT ADDED ENTRY--TOPICAL TERM | |
| Topical term or geographic name as entry element | Blue Sky |
| 650 ## - SUBJECT ADDED ENTRY--TOPICAL TERM | |
| Topical term or geographic name as entry element | Birthright-Hindus |
| 942 ## - ADDED ENTRY ELEMENTS (KOHA) | |
| Koha item type | Book |
| Withdrawn status | Lost status | Damaged status | Not for loan | Home library | Current library | Date acquired | Total Checkouts | Barcode | Date last seen | Price effective from |
|---|---|---|---|---|---|---|---|---|---|---|
| Institute For Oriental Study, Thane | Institute For Oriental Study, Thane | 12/02/2009 | IOS-1240 | 12/02/2009 | 12/02/2009 |